000 00748nam a2200253 a 4500
001 BRCA_8048
005 20190320210117.0
008 280314s1962----nyua###f##---#000-0#eng-#
041 _aeng
044 _anyu
050 4 _aNK3049
_b.R67 1962
100 1 _aRorimer, James J.
_911012
245 1 0 _aThe unicorn tapestries at the Cloisters
_cby James J. Rorimer.
250 _a4
260 _aNueva York
_bThe Metropolitan Museum of Art
_c1962
300 _a1 v. (sin paginación)
_bil., 35 láminas
_c18 cm.
500 _aY38
650 1 4 _aTapices
_vCatálogos
_911998
650 1 4 _aTapices
_vColeccionistas y colecciones
_919632
650 1 4 _aClaustros
_919999
710 2 _aMetropolitan Museum of Art
_920000
902 _aGFM
942 _2lcc
_cB
999 _c7716
_d7716